000 00472nam a2200145Ia 4500
008 100204s9999 xx 000 0 und d
082 _b15225
100 _aजाधव टी. के.
245 _aगुलशन - ए - गजल
260 _b"मेहता पब्लिशिंग हाऊस , पुणे"
_c1991
300 _a81
630 _aगुलशन - ए - गजल
730 _aगुलशन - ए - गजल
942 _cBOOK
999 _c459656
_d459653